000 00530nam a2200181Ia 4500
003 GCL
008 140319s9999 xx 000 0 ara d
040 _aGCL /
_cGCL
082 0 4 _a812.009
_bم م
100 1 _aمحمد مندور
245 1 0 _aالمسرح النثرى /
_cمحمد مندور
300 _a83 ص
490 _aالهيئة العامة للاستعلامات
_v0
650 0 4 _aالمسرح - تاريخ ونقد
650 0 4 _aالمسرح - مصر
650 0 4 _aالمسرح النثرى
942 _2ddc
_cBK
999 _c47346
_d47346